000 00241nam a2200097Ia 4500
008 190216s9999||||xx |||||||||||||| ||und||
100 _aBalaraman
245 0 _aVidyarthi Hindi Rechana
260 _bCalicut University Publications
942 _cBK
999 _c26785
_d26785